| 000 | 00340nam a22001217a 4500 | ||
|---|---|---|---|
| 020 | _a9789382264644 | ||
| 082 | _a337.51 | ||
| 100 | _aDahlman,Carl J. | ||
| 245 | _aThe world under pressure how China and India are influencing the global economy and environment | ||
| 260 |
_aDelhi _bFoundations Books _c2013 |
||
| 300 | _a301 | ||
| 942 | _cBK | ||
| 999 |
_c2528 _d2528 |
||